[Event "Stay Safe Play From Home 265"]
[Site "Emanuel Lasker Arena"]
[Date "2020.06.30"]
[Round "2"]
[White "Bardellosport"]
[Black "Mepe_Nika"]
[Result "0-1"]
[WhiteElo "2008"]
[BlackElo "2353"]
[Annotator "TA"]
[PlyCount "48"]
[EventDate "2020.06.30"]
[EventType "swiss (blitz)"]

{[%evp 9,48,-22,-19,-37,-46,-152,-160,-166,-157,-172,-166,-335,-154,-160,-170,-207,-203,-269,-164,-181,-146,-210,-189,-185,-175,-193,-187,-253,-154,-1019,-235,-252,-254,-250,-248,-473,-466,-654,-558,-551,-545]} 1. d3 d5 2. Nf3 Nc6 3. g3 e5 4. Bg2 f6 5. Nbd2 Be6 6. e4 {A07: Réti Opening: New York and Capablanca Systems.} d4 7. c3 {[#]} ({Better is} 7. Nb3 $15) 7... dxc3 $146 {[%mdl 64] [#] Discovered Attack} ({Predecessor:} 7... Bc5 8. Qc2 Nge7 9. cxd4 Bxd4 10. O-O Nb4 11. Qa4+ Nec6 12. Nxd4 Qxd4 13. Nf3 Qxd3 14. Rd1 Qc2 {0-1 (14) Boschmans,H (1306)-Law,S (1450) LSS email 2007}) 8. bxc3 {Black is clearly better.} Qxd3 9. Bb2 O-O-O 10. Qe2 $2 (10. Qa4) 10... h5 (10... Qc2 $19 11. Rb1 Bxa2) 11. Qxd3 Rxd3 12. Ke2 Rd7 13. Rad1 Nge7 14. Nb3 Ng6 15. Rhe1 (15. Rxd7 $17 Kxd7 16. Nfd2) 15... Be7 16. Rxd7 Bxd7 17. Bc1 Rd8 18. Be3 (18. Rd1 $142) 18... Be6 {[%cal Re6c4] [#]} 19. Nc5 $2 {Loses the game.} (19. Rd1 $17) 19... Bxa2 $2 (19... Bc4+ 20. Nd3 Bxd3+ 21. Kd1 Bf1+ {[%mdl 64] Discovered Attack} 22. Kc2 Bxg2) 20. Ra1 Bc4+ 21. Ke1 b6 22. Na6 $2 (22. Bh3+ {keeps fighting.} Kb8 23. Ne6) 22... Kb7 $19 {Black is clearly winning.} 23. Nb4 (23. Bf1 $142 Bxf1 24. Kxf1) 23... Nxb4 24. cxb4 Bxb4+ {Accuracy: White = 30%, Black = 44%.} 0-1

[Event "Stay Safe Play From Home 265"]
[Site "Emanuel Lasker Arena"]
[Date "2020.06.30"]
[Round "2"]
[White "Fischer_11"]
[Black "EL sanbary"]
[Result "1-0"]
[WhiteElo "1984"]
[BlackElo "1946"]
[Annotator "NA"]
[PlyCount "109"]
[EventDate "2020.06.30"]
[EventType "swiss (blitz)"]

1. e4 {[%emt 0:00:02]} c5 {[%emt 0:00:01]} 2. c3 {[%emt 0:00:01]} g6 {[%emt 0:00:01]} 3. d4 {[%emt 0:00:01]} cxd4 {[%emt 0:00:00]} 4. cxd4 {[%emt 0:00:00]} d5 {[%emt 0:00:01]} 5. exd5 {[%emt 0:00:00]} Qxd5 {[%emt 0:00:02]} 6. Nf3 {[%emt 0:00:00]} Bg7 {[%emt 0:00:02]} 7. Nc3 {[%emt 0:00:00]} Qd8 {[%emt 0:00:01]} 8. d5 {[%emt 0:00:01]} Nf6 {[%emt 0:00:00]} 9. Bg5 {[%emt 0:00:02]} O-O {[%emt 0:00:00]} 10. Bc4 {[%emt 0:00:01]} Bg4 {[%emt 0:00:01]} 11. O-O {[%emt 0:00:01]} Nbd7 {[%emt 0:00:01]} 12. h3 {[%emt 0:00:01]} Bxf3 {[%emt 0:00:02]} 13. Qxf3 {[%emt 0:00:00]} Ne5 {[%emt 0:00:01]} 14. Qe2 {[%emt 0:00:03]} Nxc4 {[%emt 0:00:01]} 15. Qxc4 {[%emt 0:00:01]} Rc8 {[%emt 0:00:01]} 16. Qb3 {[%emt 0:00:00]} b6 {[%emt 0:00:01]} 17. Rfe1 {[%emt 0:00:01]} Qd7 {[%emt 0:00:01]} 18. Rad1 {[%emt 0:00:02]} Rc5 {[%emt 0:00:01]} 19. a4 {[%emt 0:00:01]} h6 {[%emt 0:00:02]} 20. Bh4 {[%emt 0:00:02]} Rd8 {[%emt 0:00:01]} 21. a5 {[%emt 0:00:01]} bxa5 {[%emt 0:00:02]} 22. d6 {[%emt 0:00:06]} exd6 {[%emt 0:00:02]} 23. Bxf6 {[%emt 0:00:02]} Bxf6 {[%emt 0:00:01]} 24. Ne4 {[%emt 0:00:00]} Rf5 {[%emt 0:00:02]} 25. Rxd6 {[%emt 0:00:03]} Qc8 {[%emt 0:00:05]} 26. Nxf6+ {[%emt 0:00:03]} Kg7 {[%emt 0:00:01]} 27. Rxd8 {[%emt 0:00:03]} Qxd8 {[%emt 0:00:01]} 28. Ne8+ {[%emt 0:00:01]} Kg8 {[%emt 0:00:03]} 29. Qc3 {[%emt 0:00:00]} f6 {[%emt 0:00:03]} 30. Qc4+ {[%emt 0:00:04]} Kf8 {[%emt 0:00:02]} 31. Qc6 {[%emt 0:00:02]} Re5 {[%emt 0:00:02]} 32. Rxe5 {[%emt 0:00:04]} fxe5 {[%emt 0:00:00]} 33. Nd6 {[%emt 0:00:05]} e4 {[%emt 0:00:02]} 34. Qc8 {[%emt 0:00:01]} Qxc8 {[%emt 0:00:01]} 35. Nxc8 {[%emt 0:00:00]} Kf7 {[%emt 0:00:01]} 36. Nxa7 {[%emt 0:00:00]} Ke6 {[%emt 0:00:01]} 37. Kf1 {[%emt 0:00:00]} Kd5 {[%emt 0:00:00]} 38. Ke2 {[%emt 0:00:00]} Kd4 {[%emt 0:00:00]} 39. Nc8 {[%emt 0:00:01]} e3 {[%emt 0:00:00]} 40. Ne7 {[%emt 0:00:00]} exf2 {[%emt 0:00:00]} 41. Kxf2 {[%emt 0:00:00]} Kc4 {[%emt 0:00:01]} 42. Nxg6 {[%emt 0:00:00]} Kb3 {[%emt 0:00:00]} 43. Nf4 {[%emt 0:00:00]} Kxb2 {[%emt 0:00:00]} 44. Nd5 {[%emt 0:00:01]} a4 {[%emt 0:00:01]} 45. Ne3 {[%emt 0:00:00]} a3 {[%emt 0:00:00]} 46. Nc4+ {[%emt 0:00:00]} Kb3 {[%emt 0:00:01]} 47. Nxa3 {[%emt 0:00:00]} Kxa3 {[%emt 0:00:00]} 48. Kg3 {[%emt 0:00:00]} Kb4 {[%emt 0:00:00]} 49. Kh4 {[%emt 0:00:00]} Kc5 {[%emt 0:00:00]} 50. Kh5 {[%emt 0:00:00]} Kd4 {[%emt 0:00:00]} 51. Kxh6 {[%emt 0:00:00]} Ke3 {[%emt 0:00:00]} 52. g4 {[%emt 0:00:00]} Kf2 {[%emt 0:00:00]} 53. g5 {[%emt 0:00:00]} Kg3 {[%emt 0:00:00]} 54. g6 {[%emt 0:00:00]} Kh4 {[%emt 0:00:00]} 55. g7 {[%emt 0:00:00] Time (Lag: Av=0.45s, max=0.7s)} 1-0

[Event "Stay Safe Play From Home 265"]
[Site "Emanuel Lasker Arena"]
[Date "2020.06.30"]
[Round "2"]
[White "The Next Contender"]
[Black "Lazieri3"]
[Result "0-1"]
[WhiteElo "1934"]
[BlackElo "2080"]
[Annotator "TA"]
[PlyCount "134"]
[EventDate "2020.06.30"]
[EventType "swiss (blitz)"]

{[%evp 12,133,38,9,17,7,120,104,122,114,98,67,83,69,75,70,69,41,41,0,0,-10,-8,-151,-145,-161,-152,-155,-141,-166,-149,-151,-113,-183,-154,-199,-98,-245,-170,-664,0,-152,300,0,0,-5,393,-6,837,491,569,122,996,1019,1018,893,1062,943,7196,6187,2180,704,1895,-58,-53,-56,0,0,0,-22,0,0,0,-159,29986,-95,-47,-47,-11,-46,-8,-10,5157,5065,4727,4722,5309,5093,29994,-29978,-29979,-29982,-29983,-29983,-29984,-29984,-29984,-29986,-29987,-29987,-29988,-29988,-29989,-29989,-29990,-29990,-29991,-29991,-29992,-29993,-29992,-29993,-29993,-29994,-29995,-29995,-29996,-29996,-29997,-29998,-29999,-29999,-29999,-29999]} 1. d4 c6 2. c4 d5 3. Nf3 Nf6 4. e3 Bf5 5. Be2 e6 6. O-O Bd6 7. Nc3 O-O {D12: Slav Defence: 3 Nf3 Nf6 4 e3 Bf5.} 8. Nh4 Ne4 (8... dxc4 $11 9. Nxf5 exf5) 9. Nxf5 $16 {[#]} Nxc3 $146 {White is better.} ({Predecessor:} 9... exf5 10. cxd5 cxd5 11. Nxd5 Bxh2+ 12. Kxh2 Qxd5 13. Bf3 Qd6+ 14. Kg1 Nd7 15. a3 Rac8 {0-1 (43) Billion,P (844)-Tittarelli,A (1109) LSS email 2011}) 10. bxc3 exf5 11. c5 Bc7 12. c4 dxc4 13. Bxc4 Nd7 14. Bb2 Nf6 15. f3 Nd5 16. Re1 Re8 17. Qd2 (17. Bxd5 $1 $11 Qxd5 18. Qb3) 17... Ba5 $17 18. Qd3 Bxe1 19. Rxe1 Qg5 {[%cal Re8e3]} 20. e4 fxe4 21. fxe4 Nf4 {[%csl Gf4][%cal Rg5g2]} 22. Qc2 (22. Qf3 $17 Ne6 23. Rf1) 22... Rad8 23. Kh1 h5 (23... Qg6 $19 24. g3 Ne6) 24. Qd2 {[#]} (24. Bc1 $17 {was called for.} Qg4 25. Rf1) 24... Nh3 $1 {[%mdl 512]} 25. Qe2 $2 {[#]} (25. Qc2 Qh4 26. g3) (25. gxh3 Qxd2) 25... Nf4 $2 (25... Rxe4 $1 $19 {[%mdl 512]} 26. Qf1 (26. Bxf7+ $2 Kh8 $19) (26. Qxe4 Nf2+) 26... Rf4) 26. Qf3 $2 ({Only move:} 26. Qd2 $1 $11) 26... h4 $2 (26... Qg4 $17 27. Qf2 Ne6) 27. Bc1 $2 ({White has to play} 27. Rf1 $18) 27... h3 28. Bxf4 hxg2+ $2 {[%mdl 8192]} (28... Qxg2+ $11 29. Qxg2 hxg2+ 30. Kxg2 Rxd4 {[%mdl 64] Double Attack}) 29. Qxg2 $2 ({White must play} 29. Kg1 $18 Qf6 30. e5) 29... Qh4 $2 {[%mdl 8192]} (29... Qxf4 $11 30. Rf1 Qxe4 31. Bxf7+ {[%mdl 64] Double Attack} Kh8 32. Bxe8 Qxe8) 30. Bg3 Qh6 31. Rg1 $2 (31. Be5 $18 {is more deadly.}) 31... Rd7 $2 {[%mdl 8192]} (31... Rxd4 $16 32. Bb3 Qg6) 32. Be5 $18 Rxe5 33. dxe5 Rd2 34. Qg3 Rc2 {[#]} 35. Bxf7+ $1 Kxf7 {[%mdl 4096] Endgame KQR-KQR} 36. Rf1+ (36. Qb3+ $142 Ke7 37. Qxc2) 36... Kg8 37. Qf4 $2 (37. Qb3+ $18 Kh7 38. Qxc2) 37... Qxf4 $15 38. Rxf4 {aiming for e6. KR-KR} Rc1+ (38... Rxc5 $15 39. e6 Re5) 39. Kg2 $11 {And now e6 would win.} Rc2+ 40. Rf2 Rxc5 41. e6 {Hoping for e7.} Re5 42. e7 $2 (42. Rf7 $11) 42... Re6 $2 (42... Rxe7 $17 43. Re2 Kf7) 43. Re2 $2 (43. Rf8+ {mates} Kh7 44. e8=Q Rxe8 45. Rxe8 g5 46. Rb8 Kg6 47. Rf8 Kg7 48. Rf2) 43... Kh7 44. Kf3 Rxe7 45. Kf4 Rf7+ 46. Ke5 Re7+ $2 {[%mdl 8192] [#]} (46... Rf6 $11) 47. Kd6 $1 $18 {[%cal Rd6e7]} Re8 48. e5 Rf8 49. e6 Rf2 50. e7 $4 {[%mdl 8192]} (50. Rxf2 {is the narrow road to win.} Kh6 51. e7 Kh5 52. e8=Q+ Kh4 53. Rg2 Kh3 54. Rxg7 Kxh2 55. Qh8#) 50... Rxe2 {Black mates.} 51. Kd7 {[#]} Rxe7+ $1 52. Kxe7 {KP-KP} c5 53. Kd6 c4 54. Kc5 c3 55. Kc4 c2 56. Kd3 c1=Q 57. Kd4 Qa1+ 58. Kd5 Qxa2+ 59. Kd6 Qxh2+ 60. Kd7 Qe2 61. Kc8 b5 62. Kb8 b4 63. Kxa7 b3 64. Ka8 b2 65. Ka7 b1=Q {[%cal Re2a2]} 66. Ka8 Qeb2 {[%csl Gb1][%cal Rb2b8]} 67. Ka7 Q2a2# {What a fight! Accuracy: White = 31%, Black = 34%.} 0-1

[Event "Stay Safe Play From Home 265"]
[Site "Emanuel Lasker Arena"]
[Date "2020.06.30"]
[Round "2"]
[White "Trotsky"]
[Black "Buzaglo"]
[Result "1-0"]
[WhiteElo "1603"]
[BlackElo "1854"]
[Annotator "NA RC"]
[PlyCount "41"]
[EventDate "2020.06.30"]
[EventType "swiss (blitz)"]

1. d4 {[%emt 0:00:01]} e6 {[%emt 0:00:00]} 2. e3 {[%emt 0:00:01]} d5 {[%emt 0:00:00]} 3. c4 {[%emt 0:00:01]} Nf6 {[%emt 0:00:00]} 4. Nc3 {[%emt 0:00:01]} c6 {[%emt 0:00:01]} 5. Nf3 {[%emt 0:00:02]} Bb4 {[%emt 0:00:00]} 6. Qc2 {[%emt 0:00:01]} O-O {[%emt 0:00:00]} 7. c5 {[%emt 0:00:01]} Ba5 {[%emt 0:00:01]} 8. Bd2 {[%emt 0:00:01]} Bc7 {[%emt 0:00:02]} 9. Bd3 {[%emt 0:00:01]} b6 {[%emt 0:00:00]} 10. Ng5 {[%emt 0:00:01]} h6 {[%emt 0:00:01]} 11. h4 {[%emt 0:00:01]} e5 {[%emt 0:00:02]} 12. O-O-O {[%emt 0:00:04]} e4 {[%emt 0:00:01]} 13. Ncxe4 {[%emt 0:00:01]} dxe4 {[%emt 0:00:02]} 14. Bc4 {[%emt 0:00:03]} hxg5 {[%emt 0:00:05]} 15. hxg5 {[%emt 0:00:01]} Nd5 {[%emt 0:00:01]} 16. f4 {[%emt 0:00:07]} g6 {[%emt 0:00:01]} 17. Rh6 {[%emt 0:00:05]} Bf5 {[%emt 0:00:01]} 18. Rdh1 {[%emt 0:00:01]} Kg7 {[%emt 0:00:00]} 19. Rh7+ {[%emt 0:00:01]} Kg8 {[%emt 0:00:02]} 20. Rh8+ {[%emt 0:00:01]} Kg7 {[%emt 0:00:01]} 21. R1h7# {[%emt 0:00:01] (Lag: Av=0.42s, max=0.9s)} 1-0

[Event "Stay Safe Play From Home 265"]
[Site "Emanuel Lasker Arena"]
[Date "2020.06.30"]
[Round "2"]
[White "Klasman"]
[Black "SoulofWolf"]
[Result "0-1"]
[WhiteElo "1295"]
[BlackElo "2136"]
[Annotator "TA"]
[PlyCount "46"]
[EventDate "2020.06.30"]
[EventType "swiss (blitz)"]

{[%evp 9,46,26,148,37,29,11,12,22,57,37,40,52,77,72,94,71,277,279,318,93,357,245,403,-6,27,-260,14,11,18,21,25,18,126,122,119,111,174,41,39]} 1. f4 d5 2. Nf3 c6 3. e3 Bf5 4. c4 {[#]} h5 $146 ({Predecessor:} 4... e6 5. Be2 Nf6 6. O-O Be7 7. Nc3 h6 8. d4 Nbd7 9. Ne5 Ne4 10. Nxe4 Bxe4 {½-½ (43) Mengelkamp,B-Kolanek,R (2275) ICCF email 2018}) 5. Qb3 b6 (5... Qc8 $11 {keeps the balance.}) 6. Nc3 {A03: Bird's Opening with 1...d5.} ({White has to play} 6. cxd5 $16 {Hoping for Nc3.} a6 7. Nc3) 6... e6 $14 7. d4 Nf6 8. Be2 {The position is equal.} Bd6 9. Bd2 O-O 10. Ne5 Qc7 11. O-O Nbd7 12. Rac1 {Strongly threatening cxd5.} a6 $2 (12... Qb7 $16 {might work better.}) 13. cxd5 $1 $18 exd5 {[#]} 14. Bf3 $2 (14. Nxd5 $1 $18 {[%mdl 512] is the precise move to win.} Nxd5 (14... cxd5 15. Rxc7) 15. Rxc6) 14... Ne4 $2 {[%mdl 8192]} (14... Qb7 $16 {was worth a try.}) 15. Bxe4 dxe4 $2 {[#]} (15... Bxe4 16. Nxc6 Nf6 17. Nxe4 dxe4) 16. d5 $2 ({Only move:} 16. Nd5 $1 $18 {[%cal Rd5c7][%mdl 512]} cxd5 17. Rxc7 Bxc7 18. Nxd7 Bxd7 19. Rc1) 16... Bxe5 17. dxc6 $2 {[%mdl 8192]} (17. fxe5 $11 Nc5 18. Qa3) 17... Bxc3 $2 ({Worse is} 17... Qxc6 18. Nd5 $11) (17... Nc5 $19 18. Qd5 {[%mdl 64] Pin} Bxc3 19. Bxc3 Be6 20. Qxh5 f6) 18. cxd7 $11 Qxd7 19. Bxc3 b5 20. Qd1 Qe6 (20... Qxd1 $11 {remains equal.} 21. Rfxd1 Rfd8) 21. Qxh5 $16 Bg4 22. Qh4 f6 {[#]} (22... Rac8 $16) 23. f5 (23. Rf2 $1 $18) 23... Bxf5 {[%mdl 32768] Blacks defense is rewarded with a draw. Accuracy: White = 41%, Black = 31%. . Loss on time!?} 0-1

[Event "Stay Safe Play From Home 265"]
[Site "Emanuel Lasker Arena"]
[Date "2020.06.30"]
[Round "3"]
[White "Uber_WING"]
[Black "BrainThinker22"]
[Result "1/2-1/2"]
[WhiteElo "2475"]
[BlackElo "2267"]
[Annotator "NA"]
[PlyCount "95"]
[EventDate "2020.06.30"]
[EventType "swiss (blitz)"]

1. e4 {[%emt 0:00:01]} c6 {[%emt 0:00:01]} 2. Nc3 {[%emt 0:00:00]} d5 {[%emt 0:00:00]} 3. d3 {[%emt 0:00:00]} d4 {[%emt 0:00:01]} 4. Nce2 {[%emt 0:00:01]} c5 {[%emt 0:00:00]} 5. g3 {[%emt 0:00:00]} Nc6 {[%emt 0:00:00]} 6. Bg2 {[%emt 0:00:01]} Bg4 {[%emt 0:00:00]} 7. f4 {[%emt 0:00:01]} e5 {[%emt 0:00:01]} 8. Nf3 {[%emt 0:00:01]} Bxf3 {[%emt 0:00:01]} 9. Bxf3 {[%emt 0:00:01]} Nf6 {[%emt 0:00:00]} 10. O-O {[%emt 0:00:01]} Be7 {[%emt 0:00:01]} 11. fxe5 {[%emt 0:00:01]} Nxe5 {[%emt 0:00:00]} 12. Bf4 {[%emt 0:00:01]} Nxf3+ {[%emt 0:00:00]} 13. Rxf3 {[%emt 0:00:00]} O-O {[%emt 0:00:01]} 14. Qd2 {[%emt 0:00:00]} Re8 {[%emt 0:00:01]} 15. Raf1 {[%emt 0:00:00]} Bd6 {[%emt 0:00:01]} 16. Bxd6 {[%emt 0:00:01]} Qxd6 {[%emt 0:00:00]} 17. Qf4 {[%emt 0:00:01]} Qxf4 {[%emt 0:00:01]} 18. Nxf4 {[%emt 0:00:00]} Rad8 {[%emt 0:00:01]} 19. b3 {[%emt 0:00:01]} h6 {[%emt 0:00:01]} 20. a4 {[%emt 0:00:01]} a6 {[%emt 0:00:01]} 21. Nh3 {[%emt 0:00:08]} b5 {[%emt 0:00:01]} 22. axb5 {[%emt 0:00:01]} axb5 {[%emt 0:00:00]} 23. Ra1 {[%emt 0:00:01]} Ra8 {[%emt 0:00:01]} 24. Rff1 {[%emt 0:00:00]} Nd7 {[%emt 0:00:03]} 25. Nf4 {[%emt 0:00:01]} Ne5 {[%emt 0:00:02]} 26. Nd5 {[%emt 0:00:01]} Nc6 {[%emt 0:00:02]} 27. Nc7 {[%emt 0:00:02]} Rxa1 {[%emt 0:00:01]} 28. Rxa1 {[%emt 0:00:00]} Rb8 {[%emt 0:00:01]} 29. Ra8 {[%emt 0:00:00]} Rxa8 {[%emt 0:00:01]} 30. Nxa8 {[%emt 0:00:00]} b4 {[%emt 0:00:01]} 31. Nb6 {[%emt 0:00:01]} Ne5 {[%emt 0:00:04]} 32. Na4 {[%emt 0:00:02]} Nd7 {[%emt 0:00:02]} 33. Kf2 {[%emt 0:00:00]} Kf8 {[%emt 0:00:00]} 34. Kf3 {[%emt 0:00:01]} Ke7 {[%emt 0:00:00]} 35. Nb2 {[%emt 0:00:00]} Kd6 {[%emt 0:00:01]} 36. h4 {[%emt 0:00:00]} Ne5+ {[%emt 0:00:02]} 37. Ke2 {[%emt 0:00:03]} h5 {[%emt 0:00:01]} 38. Nc4+ {[%emt 0:00:02]} Nxc4 {[%emt 0:00:00]} 39. bxc4 {[%emt 0:00:00]} Ke5 {[%emt 0:00:01]} 40. Kf3 {[%emt 0:00:00]} g6 {[%emt 0:00:00]} 41. Ke2 {[%emt 0:00:01]} f6 {[%emt 0:00:00]} 42. Kf3 {[%emt 0:00:00]} Kd6 {[%emt 0:00:00]} 43. Kf4 {[%emt 0:00:01]} Ke6 {[%emt 0:00:01]} 44. Kf3 {[%emt 0:00:00]} Ke5 {[%emt 0:00:01]} 45. Ke2 {[%emt 0:00:01]} Ke6 {[%emt 0:00:01]} 46. Kf3 {[%emt 0:00:01]} Ke5 {[%emt 0:00:00]} 47. Ke2 {[%emt 0:00:01]} Ke6 {[%emt 0:00:00]} 48. Kf3 {[%emt 0:00:00] (Lag: Av=0.62s, max=4.3s)} 1/2-1/2

[Event "Stay Safe Play From Home 265"]
[Site "Emanuel Lasker Arena"]
[Date "2020.06.30"]
[Round "3"]
[White "Mepe_Nika"]
[Black "Toosieslide"]
[Result "1-0"]
[WhiteElo "2358"]
[BlackElo "2290"]
[Annotator "RC"]
[PlyCount "115"]
[EventDate "2020.06.30"]
[EventType "swiss (blitz)"]

1. d4 {[%emt 0:00:01]} d5 {[%emt 0:00:01]} 2. Bf4 {[%emt 0:00:00]} Nf6 {[%emt 0:00:01]} 3. e3 {[%emt 0:00:00]} c5 {[%emt 0:00:00]} 4. c3 {[%emt 0:00:01]} Nc6 {[%emt 0:00:01]} 5. Nd2 {[%emt 0:00:00]} e6 {[%emt 0:00:00]} 6. Bd3 {[%emt 0:00:01]} Bd6 {[%emt 0:00:00]} 7. Bxd6 {[%emt 0:00:01]} Qxd6 {[%emt 0:00:01]} 8. f4 {[%emt 0:00:00]} b6 {[%emt 0:00:00]} 9. Ngf3 {[%emt 0:00:01]} Bb7 {[%emt 0:00:00]} 10. O-O {[%emt 0:00:01]} O-O-O {[%emt 0:00:00]} 11. b4 {[%emt 0:00:03]} c4 {[%emt 0:00:01]} 12. Bc2 {[%emt 0:00:01]} Nd7 {[%emt 0:00:01]} 13. Ne5 {[%emt 0:00:04]} Ndxe5 {[%emt 0:00:02]} 14. fxe5 {[%emt 0:00:00]} Qe7 {[%emt 0:00:00]} 15. e4 {[%emt 0:00:01]} f6 {[%emt 0:00:01]} 16. exf6 {[%emt 0:00:02]} gxf6 {[%emt 0:00:01]} 17. exd5 {[%emt 0:00:00]} exd5 {[%emt 0:00:01]} 18. Qf3 {[%emt 0:00:01]} Rhf8 {[%emt 0:00:02]} 19. Qf4 {[%emt 0:00:01]} Qc7 {[%emt 0:00:01]} 20. Bf5+ {[%emt 0:00:02]} Kb8 {[%emt 0:00:01]} 21. Rae1 {[%emt 0:00:00]} Rde8 {[%emt 0:00:02]} 22. Qxc7+ {[%emt 0:00:04]} Kxc7 {[%emt 0:00:01]} 23. Bxh7 {[%emt 0:00:00]} Rxe1 {[%emt 0:00:05]} 24. Rxe1 {[%emt 0:00:01]} f5 {[%emt 0:00:01]} 25. Nf3 {[%emt 0:00:04]} Rf6 {[%emt 0:00:04]} 26. Ne5 {[%emt 0:00:03]} Nxe5 {[%emt 0:00:01]} 27. Rxe5 {[%emt 0:00:01]} f4 {[%emt 0:00:02]} 28. Kf2 {[%emt 0:00:00]} Bc6 {[%emt 0:00:01]} 29. h4 {[%emt 0:00:04]} Kb7 {[%emt 0:00:01]} 30. h5 {[%emt 0:00:01]} Ka6 {[%emt 0:00:03]} 31. Bg8 {[%emt 0:00:03]} Kb5 {[%emt 0:00:05]} 32. Bxd5 {[%emt 0:00:01]} Bxd5 {[%emt 0:00:02]} 33. Rxd5+ {[%emt 0:00:00]} Ka4 {[%emt 0:00:00]} 34. Rg5 {[%emt 0:00:02]} Ka3 {[%emt 0:00:00]} 35. Rg6 {[%emt 0:00:01]} Rf5 {[%emt 0:00:01]} 36. h6 {[%emt 0:00:01]} Rh5 {[%emt 0:00:00]} 37. Kf3 {[%emt 0:00:01]} Kxa2 {[%emt 0:00:00]} 38. Kxf4 {[%emt 0:00:01]} Kb3 {[%emt 0:00:01]} 39. g4 {[%emt 0:00:02]} Rh1 {[%emt 0:00:01]} 40. Kg5 {[%emt 0:00:01]} Kxc3 {[%emt 0:00:00]} 41. Rc6 {[%emt 0:00:03]} Kxb4 {[%emt 0:00:00]} 42. Kg6 {[%emt 0:00:01]} a5 {[%emt 0:00:00]} 43. h7 {[%emt 0:00:01]} a4 {[%emt 0:00:02]} 44. Kg7 {[%emt 0:00:01]} a3 {[%emt 0:00:02]} 45. Rxb6+ {[%emt 0:00:01]} Ka5 {[%emt 0:00:01]} 46. Rb8 {[%emt 0:00:01]} c3 {[%emt 0:00:02]} 47. h8=Q {[%emt 0:00:01]} Rxh8 {[%emt 0:00:01]} 48. Kxh8 {[%emt 0:00:00]} c2 {[%emt 0:00:01]} 49. Ra8+ {[%emt 0:00:00]} Kb4 {[%emt 0:00:01]} 50. Rc8 {[%emt 0:00:00]} Kb3 {[%emt 0:00:01]} 51. Rb8+ {[%emt 0:00:00]} Ka2 {[%emt 0:00:01]} 52. Rc8 {[%emt 0:00:00]} Kb2 {[%emt 0:00:00]} 53. Rb8+ {[%emt 0:00:00]} Kc1 {[%emt 0:00:00]} 54. Rc8 {[%emt 0:00:00]} a2 {[%emt 0:00:00]} 55. Ra8 {[%emt 0:00:00]} Kb1 {[%emt 0:00:00]} 56. Rb8+ {[%emt 0:00:00]} Kc1 {[%emt 0:00:00]} 57. Rc8 {[%emt 0:00:00]} Kd2 {[%emt 0:00:00]} 58. Rg8 {[%emt 0:00:00] Time (Lag: Av=0.61s, max=4.8s) '} 1-0

[Event "Stay Safe Play From Home 265"]
[Site "Emanuel Lasker Arena"]
[Date "2020.06.30"]
[Round "3"]
[White "SoulofWolf"]
[Black "Trotsky"]
[Result "1-0"]
[WhiteElo "2136"]
[BlackElo "1631"]
[Annotator "TA"]
[PlyCount "47"]
[EventDate "2020.06.30"]
[EventType "swiss (blitz)"]

{[%evp 12,47,3,8,178,170,188,182,182,180,181,177,228,230,308,265,289,297,352,352,395,405,647,397,532,503,507,394,812,770,777,779,735,683,1793,1641,2657,2272]} 1. d4 d5 2. Nf3 e6 3. Nbd2 c5 4. c3 Nc6 5. e3 Bd6 6. Bd3 Nf6 7. e4 {[#]} Qc7 $146 {[#] D05: Colle System with ...e6.} (7... cxd4 $11 8. cxd4 Nb4) ({Predecessor:} 7... cxd4 8. Nxd4 e5 9. Nxc6 bxc6 10. O-O O-O 11. Re1 Re8 12. h3 Bc5 13. exd5 cxd5 14. Nb3 Bd6 15. Bc2 {1-0 (81) Kluehs,I (1363)-Albrecht,A (1219) Neumuenster 2019}) 8. e5 $18 Nxe5 9. dxe5 Bxe5 {White is clearly better.} 10. Nxe5 Qxe5+ 11. Qe2 Qd6 (11... Qxe2+ $142 12. Bxe2 e5) 12. O-O h5 13. f4 Bd7 14. Nf3 O-O-O 15. Ne5 Rdf8 16. Be3 g5 (16... Ng4 $142 17. Nxg4 hxg4 18. Qxg4 Rfg8) 17. g3 gxf4 18. Bxf4 Qb6 19. Kh1 d4 $2 (19... Be8 20. Rae1 h4) 20. cxd4 {White is clearly winning.} Bc6+ 21. Nxc6 Qxc6+ 22. Kg1 {[#] aiming for Rac1.} Rfg8 23. Rac1 Qd5 24. Rxc5+ {[%mdl 64] Double Attack. Black got outplayed after the opening. Accuracy: White = 73%, Black = 15%.} 1-0

[Event "Stay Safe Play From Home 265"]
[Site "Emanuel Lasker Arena"]
[Date "2020.06.30"]
[Round "3"]
[White "Lazieri3"]
[Black "Lamborghini"]
[Result "0-1"]
[WhiteElo "2091"]
[BlackElo "2289"]
[Annotator "TA"]
[PlyCount "46"]
[EventDate "2020.06.30"]
[EventType "swiss (blitz)"]

{[%evp 9,45,-7,-8,-28,-19,-17,-2,-21,35,22,13,23,54,57,62,-2,4,-92,-79,-127,-95,-270,-117,-322,-261,-302,-166,-154,-128,-185,-183,-425,-432,-533,-485,-29995,-29996,-29999]} 1. e4 c5 2. Nc3 d6 3. d3 Nc6 4. Nf3 e5 5. Be3 Be7 6. h3 {[#] B50: Sicilian: 2...d6, Miscellaneous.} h6 $146 ({Predecessor:} 6... f5 7. g3 Nf6 8. Bg2 O-O 9. Qd2 Rb8 10. O-O Nd4 11. Ne1 Qe8 12. exf5 Nxf5 {1-0 (86) Hierling,S (2045)-Thier,J (2133) Idstein 2009}) 7. Be2 Be6 8. O-O {The position is equal.} g5 (8... Nf6 $11) 9. Nh2 Nf6 10. Ng4 Nxg4 11. Bxg4 Qd7 12. Bxe6 (12. Nd5 $14) 12... fxe6 $11 13. g3 (13. Qh5+ $11 {keeps the balance.} Kd8 14. a3) 13... O-O-O 14. Kh2 Rdf8 15. Qd2 $2 {[#]} (15. Qh5 $17) 15... Rf7 (15... d5 $1 $19 {Strongly threatening ...d4.} 16. exd5 exd5) 16. f4 $2 (16. f3 $17) 16... exf4 $19 17. gxf4 gxf4 (17... d5 $142 {aiming for ...d4.} 18. d4 cxd4 19. Bxd4 Rhf8 20. exd5 exd5) 18. Rxf4 Bg5 19. Rxf7 (19. Rf2 $17 {is a better defense.}) 19... Qxf7 20. Bxg5 $2 (20. Qf2 Qh5 21. Ne2) 20... hxg5 21. Rg1 Ne5 {( -> ...Nf3+!)} 22. Kh1 {[#]} (22. Rg3 $19 Nf3+ 23. Rxf3 Qxf3 24. Qg2 Qf4+ 25. Qg3) 22... Rxh3+ 23. Kg2 Qf3# {Accuracy: White = 25%, Black = 47%.} 0-1